N=8 supersymmetric mechanics on special Kahler manifolds; Physics Letters B; Vol. 605, iss. 1

Détails bibliographiques
Parent link:Physics Letters B: Particle Physics, Nuclear Physics and Cosmology
Vol. 605, iss. 1.— 2005.— [P. 181–184]
Auteur principal: Bellucci S. Stefano
Autres auteurs: Krivonos S. Sergey, Nersessian A. P. Armen Petrosovich
Résumé:Title screen
We propose the Hamiltonian model of N=8 supersymmetric mechanics on n-dimensional special Kдhler manifolds (of the rigid type).
Режим доступа: по договору с организацией-держателем ресурса
Langue:anglais
Publié: 2005
Sujets:
Accès en ligne:http://dx.doi.org/10.1016/j.physletb.2004.11.023
Format: MixedMaterials Électronique Chapitre de livre
KOHA link:https://koha.lib.tpu.ru/cgi-bin/koha/opac-detail.pl?biblionumber=641571

MARC

LEADER 00000naa0a2200000 4500
001 641571
005 20250331095906.0
035 |a (RuTPU)RU\TPU\network\6488 
035 |a RU\TPU\network\4391 
090 |a 641571 
100 |a 20150521d2005 k||y0rusy50 ba 
101 0 |a eng 
102 |a US 
135 |a drcn ---uucaa 
181 0 |a i  
182 0 |a b 
200 1 |a N=8 supersymmetric mechanics on special Kahler manifolds  |f S. Bellucci, S. Krivonos, A. P. Nersessian 
203 |a Text  |c electronic 
300 |a Title screen 
330 |a We propose the Hamiltonian model of N=8 supersymmetric mechanics on n-dimensional special Kдhler manifolds (of the rigid type). 
333 |a Режим доступа: по договору с организацией-держателем ресурса 
461 |t Physics Letters B  |o Particle Physics, Nuclear Physics and Cosmology 
463 |t Vol. 605, iss. 1  |v [P. 181–184]  |d 2005 
610 1 |a электронный ресурс 
610 1 |a труды учёных ТПУ 
700 1 |a Bellucci  |b S.  |g Stefano 
701 1 |a Krivonos  |b S.  |g Sergey 
701 1 |a Nersessian  |b A. P.  |c physicist  |c Professor of Tomsk Polytechnic University  |f 1964-  |g Armen Petrosovich  |3 (RuTPU)RU\TPU\pers\34605  |9 17967 
801 2 |a RU  |b 63413507  |c 20150521  |g RCR 
856 4 |u http://dx.doi.org/10.1016/j.physletb.2004.11.023 
942 |c CF